000 00725nam a2200289Ia 4500
005 20260324124025.0
008 008 260324s9999 xx 000 0 eng d
020 _a9781315577746
037 _aEBOOK
040 _aCRL
040 _beng
040 _cCRL
041 _2eng
041 _aeng
084 _qCRL
100 _aLesley McMillan; Max Koch
_91172561
245 0 _aDiversity, Standardization and Social Transformation
245 0 _bGender, Ethnicity and Inequality in Europe
260 _bTaylor and Francis
260 _c2011
365 _a
365 _b240
856 _uhttp://www.taylorfrancis.com/books/9781315577746
942 _cEBOOK
999 _c1766584
_d1766584